Leylā and Mejnūn / (Record no. 13218)
[ view plain ]
| 000 -LEADER | |
|---|---|
| fixed length control field | 01317cam a2200337 4500 |
| 001 - CONTROL NUMBER | |
| control field | 4567778 |
| 003 - CONTROL NUMBER IDENTIFIER | |
| control field | EG-ScBUE |
| 005 - DATE AND TIME OF LATEST TRANSACTION | |
| control field | 20220324145458.0 |
| 008 - FIXED-LENGTH DATA ELEMENTS--GENERAL INFORMATION | |
| fixed length control field | 711021s1970 enk f b 001 0 eng d |
| 020 ## - INTERNATIONAL STANDARD BOOK NUMBER | |
| International Standard Book Number | 0048900036 |
| 040 ## - CATALOGING SOURCE | |
| Original cataloging agency | DLC |
| Language of cataloging | eng |
| Description conventions | rda |
| Transcribing agency | DLC |
| Modifying agency | DLC |
| -- | EG-ScBUE |
| 041 1# - LANGUAGE CODE | |
| Language code of text/sound track or separate title | eng |
| Language code of original and/or intermediate translations of text | tur |
| 082 04 - DEWEY DECIMAL CLASSIFICATION NUMBER | |
| Classification number | 894.3512 |
| Edition number | 22 |
| Item number | FUZ |
| 100 0# - MAIN ENTRY--PERSONAL NAME | |
| Personal name | Fuzuli |
| Dates associated with a name | 1495?-1556, |
| Relator term | author. |
| 9 (RLIN) | 10701 |
| 245 10 - TITLE STATEMENT | |
| Title | Leylā and Mejnūn / |
| Statement of responsibility, etc | By Fuzuli ; translated from the Turkish by Sofi Huri ; with a history of the poem, notes, and bibliography by Alessio Bombaci ; translated from the Italian by Elizabeth Davies. |
| 264 #1 - PUBLICATION, DISTRIBUTION, ETC. (IMPRINT) | |
| Place of publication, distribution, etc | London : |
| Name of publisher, distributor, etc | George Allen and Unwin Ltd, |
| Date of publication, distribution, etc | 1970. |
| 300 ## - PHYSICAL DESCRIPTION | |
| Extent | 350 pages ; |
| Dimensions | 25 cm |
| 336 ## - CONTENT TYPE | |
| Source | rdacontent |
| Content type term | text |
| Content type code | txt |
| 337 ## - MEDIA TYPE | |
| Source | rdamedia |
| Media type term | unmediated |
| Media type code | n |
| 338 ## - CARRIER TYPE | |
| Source | rdacarrier |
| Carrier type term | volume |
| Carrier type code | nc |
| 504 ## - BIBLIOGRAPHY, ETC. NOTE | |
| Bibliography, etc | Includes bibliographical references and index.<br/> |
| 546 ## - LANGUAGE NOTE | |
| Language note | Text in English ; translated from the original Turkish.<br/> |
| 650 #7 - SUBJECT ADDED ENTRY--TOPICAL TERM | |
| Topical term or geographic name as entry element | Turkish poetry |
| General subdivision | Translations into English. |
| 9 (RLIN) | 10702 |
| Source of heading or term | BUEsh |
| 651 #7 - SUBJECT ADDED ENTRY--GEOGRAPHIC NAME | |
| Geographic name | Turkey |
| General subdivision | Poetry. |
| 9 (RLIN) | 10703 |
| Source of heading or term | BUEsh |
| 653 ## - INDEX TERM--UNCONTROLLED | |
| Resource For college | Generalities |
| Arrived date list | March2022 |
| 655 ## - INDEX TERM--GENRE/FORM | |
| Form subdivision | Reading book |
| 9 (RLIN) | 34232 |
| 700 1# - ADDED ENTRY--PERSONAL NAME | |
| Personal name | Huri, Sofi, |
| Relator term | translator. |
| 9 (RLIN) | 10704 |
| 700 1# - ADDED ENTRY--PERSONAL NAME | |
| Personal name | Bombaci, Alessio, |
| Dates associated with a name | 1914- |
| Relator term | author of introduction, etc. |
| 9 (RLIN) | 10705 |
| 942 ## - ADDED ENTRY ELEMENTS (KOHA) | |
| Source of classification or shelving scheme | Dewey Decimal Classification |
| Koha item type | Book - Borrowing |
| Withdrawn status | Lost status | Source of classification or shelving scheme | Damaged status | Not for loan | Collection code | Home library | Current library | Shelving location | Date acquired | Source of acquisition | Total Checkouts | Full call number | Barcode | Date last seen | Price effective from | Koha item type | Public note |
|---|---|---|---|---|---|---|---|---|---|---|---|---|---|---|---|---|---|
| Dewey Decimal Classification | Central Library | Central Library | Second Floor | 28/01/2010 | 894.3512 FUZ | 000019551 | 15/07/2025 | 28/01/2010 | Book - Borrowing | Donated By: Alaa abdel ghaney. |